000 00573nam a2200181Ia 4500
008 090123s9999 xx 000 0 und d
082 _b36821
100 _aदेवकर निता
245 _aपुन्हा तीच रात्र
250 _a1
260 _bमधुश्री प्रकाशन
_c2004
300 _a160
600 _aदेवकर निता
630 _aपुन्हा तीच रात्र
700 _aदेवकर निता
730 _aपुन्हा तीच रात्र
942 _cBOOK
999 _c74888
_d74888